| 000 | 00000nam 2200000za 4500 |
| 001 | 9.850414 |
| 003 | CaOODSP |
| 005 | 20240717105540 |
| 007 | cr ||||||||||| |
| 008 | 180122s2018 qucao o f000 0 eng d |
| 020 | |a978-0-660-24626-0 |
| 040 | |aCaOODSP|beng |
| 043 | |an-cn--- |
| 086 | 1 |aIu71-4/47-2018E-PDF |
| 245 | 00|aIP roadmap |h[electronic resource] : |byour path to patent grant. |
| 246 | 10|aYour path to patent grant |
| 250 | |a[2018 edition]. |
| 260 | |a[Gatineau, Que.?] : |bInnovation, Science and Economic Development Canada, Canadian Intellectual Property Office, |c[c2018?] |
| 300 | |a[1] p. : |bill., photographs |
| 500 | |aTitle from caption. |
| 500 | |aIssued also in French under title: Feuille de route de la PI : la marche à suivre pour obtenir votre brevet. |
| 520 | |a"You can start the application process by filing your application with the Canadian Intellectual Property Office (CIPO). Do not publicly disclose your invention until filing!"--p. [1]. |
| 530 | |aIssued also in printed form. |
| 692 | 07|2gccst|aIntellectual property |
| 692 | 07|2gccst|aPatents |
| 692 | 07|2gccst|aRoad maps |
| 710 | 2 |aCanadian Intellectual Property Office. |
| 775 | 08|tFeuille de route de la PI |w(CaOODSP)9.850415 |
| 776 | 0#|tIP roadmap : |w(CaOODSP)9.850420 |
| 794 | |tIP roadmap : |b[2020 edition]|w(CaOODSP)9.888116 |
| 856 | 40|qPDF|s95 KB|uhttps://publications.gc.ca/collections/collection_2018/opic-cipo/Iu71-4-47-2018-eng.pdf |